1171 1731 1955 1631 1400 1274 1834 1265 1752 1848 1123 1238 1010 1117 1269 1819 1344 1153 1313 1786 1471 1800 1799 1547 1932 1557 1448 1473 1837 1154 1789 1547 1523 1432 1485 1550 1277 1261 1416 1626 1201 1403 1979 1109 1465 1922 1236 1387 1170 1596 1037 1612 1497 1390 1680 1260 1199 1532 1538 1994 1904 1257 1385 1899 1465 1210 1641 1816 1695 1050 1221 1257 1974 1599 1429 1515 1508 1473 1417 1447 1867 1383 1480 1646 1405 1550 1007 1047 1596 1492 1238 1358 1779 1638 1202 1077 1744 1577 1661 BCNSPRNW ULIB Ver.6.0+V

เปลี่ยนเป็นภาษาไทย

Change to English
 แสดงรายละเอียดบรรณานุกรม
  กลับหน้าหลัก

Brief Record : Get Marc (ISO 2709) : E-mail record : QR code < ปิดหน้าต่าง
LEADER : 00000nam 2200000uu 4500
001    13399115036
003     ULIB
008    120704s2550||||th 000 0 tha d
020    ^a9789744120434
050 04 ^aQC21.2^bส265ศ 2550
100 0  ^aสมพร วัฒนเวคิน
245 10 ^aศัพท์ฟิสิกส์/^cสมพร วัฒนเวคิน
260    ^aกรุงเทพฯ :^bแม็ค,^c2550
300    ^a262 หน้า
650  7 ^aศัพท์^xฟิสิกส์
650  7 ^aฟิสิกส์
945    ^p70^l0^i14329
995    ^aกัณชพร
999 ^a ใช้งานได้ทุกระบบ
รายการนี้ยังไม่มีแท็ก
คุณยังไม่ได้ล็อกอิน คุณสามารถมีกิจกรรมร่วมกับเว็บไซต์ได้ แต่ต้องล็อกอินก่อน ::
  ล็อกอิน

รายการสื่อสารสนเทศ

ลำดับที่ ประเภท เลขเรียก/บาร์โค้ด สถานที่ สถานะ
- ไม่พบข้อมูล -

รายการใกล้เคียง
    ผู้แต่ง [สมพร วัฒนเวคิน]

    หัวเรื่อง [ฟิสิกส์]

BibComment


ยังไม่เคยถูกคอมเมนท์

คอมเมนท์ทรัพยากรรายการนี้
  คอมเมนท์: ศัพท์ฟิสิกส์ สมพ..


 Copyright 2026. Bcnsprnw @Library